PSYCHIATRIC MENTAL HEALTH NURSING (Record no. 6857)

MARC details
000 -LEADER
fixed length control field 00338nam a2200133Ia 4500
008 - FIXED-LENGTH DATA ELEMENTS--GENERAL INFORMATION
fixed length control field 150301s1998 xx 000 0 und d
082 ## - DEWEY DECIMAL CLASSIFICATION NUMBER
Classification number 610.7368
Item number P98F
100 ## - MAIN ENTRY--PERSONAL NAME
Personal name FRISCH, NAVEEN, CARAN
245 ## - TITLE STATEMENT
Title PSYCHIATRIC MENTAL HEALTH NURSING
260 ## - PUBLICATION, DISTRIBUTION, ETC. (IMPRINT)
Name of publisher, distributor, etc. DELMER PU.
Date of publication, distribution, etc. 1998
300 ## - PHYSICAL DESCRIPTION
Extent 832
650 ## - SUBJECT ADDED ENTRY--TOPICAL TERM
Topical term or geographic name as entry element PSYCHIATRIC NURSING
942 ## - ADDED ENTRY ELEMENTS (KOHA)
Source of classification or shelving scheme Dewey Decimal Classification
Koha item type Books
Holdings
Withdrawn status Lost status Source of classification or shelving scheme Damaged status Not for loan Collection code Home library Current library Shelving location Date acquired Source of acquisition Cost, normal purchase price SGTU Bill Number Total Checkouts Full call number Barcode Date last seen Date last checked out Bill Date Koha item type
    Dewey Decimal Classification     NURSING SGT Medical Library SGT Medical Library Text Book 02/07/2015 ABC DELHI 995.00 SGTU 5533 1 610.7368 P98F FN2914 13/09/2018 29/08/2018 25/03/2015 Books